USFL Football Teams Quiz - Statistics

General Stats
  • This quiz has been taken 22 times
  • The average score is 5 of 8
Answer Stats
After USFL Folded Team % Correct
Joined UFL Birmingham Stallions
82%
Rebranded in UFL Houston Gamblers
82%
Joined UFL Memphis Showboats
73%
Joined UFL Michigan Panthers
73%
Folded New Jersey Generals
64%
Folded New Orleans Breakers
55%
Folded Philadelphia Stars
55%
Folded Pittsburgh Maulers
45%
No matching quizzes found
Score Distribution
Percent of People with Each Score
Percentile by Number Answered
Your Score History
You have not taken this quiz